CO TRZEBA WZIĄĆ ZE SOBĄ NA BASEN? - Statystyki

Ogólne statystyki
  • Ten quiz został rozwiązany 224 razy
  • Średni wynik to 4 z 6
Statystyki odpowiedzi
Odpowiedź % Poprawnych
RĘCZNIK
96%
KLAPKI
88%
CZEPEK
80%
STRÓJ KĄPIELOWY
71%
SZAMPON
32%
OKULARY DO PŁYWANIA
29%
Nie znaleziono quizów pasujących do podanych kryteriów
Rozkład punktacji
Procent ludzi z każdym wynikiem
Percentyl według liczby udzielonych odpowiedzi
Twoja historia wyników
Nie rozwiązałeś tego quizu